|
|
|
|
| LEADER |
00000nam0a2200000 4500 |
| 001 |
376177 |
| 005 |
20231101051902.0 |
| 010 |
|
|
|b 10000 экз.
|
| 035 |
|
|
|a (RuTPU)RU\TPU\retro\33617
|
| 035 |
|
|
|a RU\TPU\book\277202
|
| 090 |
|
|
|a 376177
|
| 100 |
|
|
|a 20221221d1935 m y0rusy50 ca
|
| 101 |
0 |
|
|a rus
|
| 102 |
|
|
|a RU
|
| 105 |
|
|
|a abc z 001zy
|
| 200 |
1 |
|
|a Два года в тундре
|f В. Г. Васильев, М. Т. Кирюшина, Н. А. Меньшиков
|
| 210 |
|
|
|a Ленинград
|c Главсевморпуть
|d 1935
|
| 215 |
|
|
|a 215 с.
|c ил., портр., карта
|
| 225 |
1 |
|
|a Полярная библиотека
|
| 300 |
|
|
|a На пер. авт. не указаны
|
| 320 |
|
|
|a Словарь встречающихся в книге местных слов и специальных выражений: с. 214-215.
|
| 610 |
1 |
|
|a Чукотка
|
| 610 |
1 |
|
|a геологические экспедиции
|
| 610 |
1 |
|
|a тундра
|
| 610 |
1 |
|
|a народы Сибири
|
| 610 |
1 |
|
|a 20 век
|
| 675 |
|
|
|a 550.8.02
|v 3
|
| 686 |
|
|
|a Т52(25)
|v LBC/SL-A
|2 rubbk
|
| 686 |
|
|
|a Ч611.68
|v LBC/SL-A
|2 rubbk
|
| 700 |
|
1 |
|a Васильев
|b В. Г.
|
| 701 |
|
1 |
|a Кирюшина
|b М. Т.
|
| 701 |
|
1 |
|a Меньшиков
|b Н. А.
|
| 801 |
|
1 |
|a RU
|b 63413507
|c 20140324
|
| 801 |
|
2 |
|a RU
|b 63413507
|c 20221221
|g RCR
|
| 942 |
|
|
|c BK
|